Normal view
MARC view
- المنظمات الدولية -- القانون الدولي
Entry Topical Term
001 - CONTROL NUMBER
- control field: 21479
003 - CONTROL NUMBER IDENTIFIER
- control field: JO-AjAnu
005 - DATE AND TIME OF LATEST TRANSACTION
- control field: 20230606073724.0
008 - FIXED-LENGTH DATA ELEMENTS
- fixed length control field: 230606|| aca||aabn | a|a d
040 ## - CATALOGING SOURCE
- Original cataloging agency: JO-AjAnu
- Transcribing agency: JO-AjAnu
150 ## - HEADING--TOPICAL TERM
- Topical term or geographic name entry element: المنظمات الدولية -- القانون الدولي
670 ## - SOURCE DATA FOUND
- Source citation: Work cat.: (JO-AjAnu)11034: الجندي ،غسان هشام , author 21478, اللؤلؤة الابتسمولوجية في الصدفة المعرفية لقانون المنظمات الدولية